Alone again. (Record no. 14796)

000 -LEADER
fixed length control field 00538nam a2200181 a 4500
001 - CONTROL NUMBER
control field :::00012630$&:&@@
003 - CONTROL NUMBER IDENTIFIER
control field OkBaRHE
005 - DATE AND TIME OF LATEST TRANSACTION
control field 20000607103421.0
008 - FIXED-LENGTH DATA ELEMENTS--GENERAL INFORMATION
fixed length control field s1978 j 000 0 eng u
040 ## - CATALOGING SOURCE
Transcribing agency
100 1# - MAIN ENTRY--PERSONAL NAME
Personal name Krebs, Richard.
245 10 - TITLE STATEMENT
Title Alone again.
260 ## - PUBLICATION, DISTRIBUTION, ETC. (IMPRINT)
Place of publication, distribution, etc Minneapolis, MN., :
Name of publisher, distributor, etc Augsburg Publishing House
Date of publication, distribution, etc c1978
300 ## - PHYSICAL DESCRIPTION
Extent 125 p. ;
Dimensions 20 cm.
650 ## - SUBJECT ADDED ENTRY--TOPICAL TERM
Topical term or geographic name as entry element Divorce
General subdivision Biblical Teaching
942 ## - ADDED ENTRY ELEMENTS (KOHA)
Source of classification or shelving scheme
Koha item type Books
Copies
Date last seen Not for loan Price effective from Date acquired Barcode Damaged status Permanent Location Shelving location Full call number Withdrawn status Copy number Source of classification or shelving scheme Lost status Koha item type
2010-04-14 2010-04-142010-04-1412630 RHEMA Bible Training CollegeGeneral StacksHQ 824 .K7 1  Books